MDQL
is popping MORE tags! Check the
thread
!
Quizzes
Events
Quiz Creation
Community
Videos
Private Events
Remove Ads
Sign In
Join for FREE
Feedback
Dark Mode
Quiz Categories
Sports
Geography
Music
Movies
Television
Just For Fun
Miscellaneous
History
Literature
Language
Science
Gaming
Entertainment
Religion
Holiday
For Kids
Quiz Lab
Recent
Popular Today
Quiz Kudos Today
Editor Picks
Curator Picks
Quizzes by...
Day
Popularity
Type
Ratings
Length
Year
Community
Subscriptions
Recent Discussions
Orange Saloon
Badges
Playlists
Quests
Create
Leaderboards
Showdown
Live 5
Trivia Bingo
Activity
Puzzle Library
Sporcle Events
Private Events
Virtual Trivia
Globe League
Become a Host
Pub Owners
SporcleCon
Opinionation
Our Games
Videos
Blog
Mobile Apps
Partnerships
Remove Ads and Go Orange
Feedback
Sports
Athletes
MLB
NBA
NHL
NFL
Soccer
Sports Teams
WWE
NCAA
Football
Premier League
Basketball
Baseball
Hockey
Golf
Tennis
Cricket
Rugby
Auto Racing
Olympics
World Cup
Sports
Athletes
MLB
NBA
NHL
NFL
Soccer
Sports Teams
WWE
NCAA
Football
Premier League
Basketball
Baseball
Hockey
Golf
Tennis
Cricket
Rugby
Auto Racing
Olympics
World Cup
Random Quiz
Search Sporcle
×
Quiz Lab
Quiz Lab
Sports
NBA
Type in answers that appear in a list
Type in answers that appear in a list
Classic
Best Score? Go Orange.
NBA 2x All-Star Game MVP (1 Minute Challenge) Stats
Can you name the NBA players with at least two All-Star Game MVP titles?
By
Bdogrox2
60s
12 Questions
170 Plays
170 Plays
170 Plays
Comments
Comments
Give Quiz Kudos
Give Quiz Kudos
-
- Ratings
hide this ad
More Info
Replay
Link that replays current quiz
Next Quiz
Link to next quiz in quiz playlist
You Got
0%
They Got
Avg Score
79%
Avg Friend Score
Upgrade to see
Score Distribution
Jump to the score distribution portion of the page
Score
0/12
Timer
01:00
0
Plays Today
Team with most All-Star Game MVPs
Player
% Correct
Chicago Bulls
Michael Jordan
94.1%
Los Angeles Lakers
Kobe Bryant
92.9%
Cleveland Cavaliers
LeBron James
88.2%
Utah Jazz
Karl Malone
85.3%
Los Angeles Lakers
Magic Johnson
82.9%
Philadelphia 76ers
Allen Iverson
79.4%
Detroit Pistons
Isiah Thomas
79.4%
Cincinnati Royals
Oscar Robertson
78.2%
Los Angeles Lakers
Shaquille O'Neal
76.5%
Philadelphia 76ers
Julius Erving
70.6%
St. Louis Hawks
Bob Pettit
70%
Boston Celtics
Bob Cousy
54.7%
Quiz Playlist
Details
Report
Send in Message
Add To Playlist
More Info:
***THE LEFT COLUMN SHOWS THE TEAM THE PLAYER WON THE MOST NBA ALL-STAR GAME MVPs ON***
Classic:
Type in answers that appear in a list
Quiz Source
Last Updated: Feb 16, 2017
Quiz Scoreboard
CHALLENGE
Sign Up to Join the Scoreboard
Show All
Scores
Hide
Comments
May contain spoilers
Recently Published
Image Sorting: Flags VI
by Barbecue
Geography
2m
Find the 'City' Movie
by crazypaving
Movies
60s
5x2 Blitz: Bands
by SL_Kpop136
Music
30s
More to Explore
Quiz From the Vault
Featured Blog Post
14 Easter Pick-up Lines to Find Eggs With
hide this ad
You Might Also Like...
Tags
Basketball Quiz
NBA Quiz
All-Star
challenge
least
minute
MVP
Player
team
Today's Top Quizzes in Sports
Browse Sports
hide this ad
Today's Top Quizzes in NBA
Browse NBA
Top Contributed Quizzes in Sports
1
Les meilleurs buteurs des matchs entre le PSG et l’OM
2
Les entraîneurs de l'OM et du PSG au 21e siècle
3
Les joueurs passés par le PSG et l'OM
4
2022 World Cup Stars
5
Players with Multiple 50 Home Run Seasons
6
Criteria MLB: Left Handed Sluggers
7
MLB Players with Two .350 Batting Average Seasons
8
Les joueurs passés par le LOSC et le RC Lens
9
NBA Logic Puzzle 2.0
10
Top 10 NHL Goal Scorers of All Time
Explore More
Trending Topics
Disney
NBA
Anime
Crossword
Marvel
Kpop
Harry Potter
Country
Puzzle
Song
The Office
Soccer
NFL
Pokémon
WWE
hide this ad
More By:
Bdogrox2
Quiz
Plays
Rating
Category
Featured
Created
NBA +50% H-O-F Probability (Active) [Clickable Mines]
180,009
2.83
Sports
Apr 7, 2012
NBA Most Top 5 Finishes (Points)
72,486
4.74
Sports
Aug 18, 2015
Champions From The Last 25 Years
34,046
4.20
Sports
Jul 1, 2010
NBA +99.99% H-O-F Probability (Clickable Minefield)
31,272
2.13
Sports
Apr 8, 2012
MLB $125M+ Career Salary (Clickable Quiz)
17,680
4.07
Sports
Apr 8, 2012
Go to Creator's Profile
Score Distribution
Quiz Creator Spotlight
Bdogrox2
Follow
Send a Message
Quizzes Created
-
Created Quiz Play Count
-
More By This Creator
Popular Quizzes Today
1
Colored Red Africa Blitz
2
Find the US States - No Outlines Minefield
3
Find the 'City' Movie
4
5x2 Blitz: Bands
5
The Countries of the World
6
Find the US States
7
Find the Countries of Europe - No Outlines Minefield
8
US States
More Sports Quizzes
Cities by Big Four Sports Leagues
Curator's Pick
Trending Quizzes
Colored Red Europe Blitz I
Colored Red Europe Blitz II
Colored Red Africa Blitz II
Colored Red Europe Blitz III
Colored Red Africa Blitz III
Recently Updated
How Do You Spell That?
pecheneg
Godzilla Movies
pecheneg
Grab Bag: 4-10 Letters
pecheneg
2024 March Madness Bracket
pecheneg
Famous TV Couples
Peacemaker
Champions League XIs: Real Madrid
pecheneg
Largest US Cities 1790-2010
pecheneg
Rides in Walt Disney World
pecheneg
Most Oscar Losses (Acting)
pecheneg
Beyoncé Albums
pecheneg
Trending Topics
Marvel
Kpop
Disney
Anime
NBA
Crossword
Harry Potter
Soccer
Country
WWE
Song
Pokémon
The Office
Puzzle
NFL
Your Account Isn't Verified!
In order to create a playlist on Sporcle, you need to verify the email address you used during registration. Go to your
Sporcle Settings
to finish the process.
Report this User
Report this user for behavior that violates our
Community Guidelines
.
Details:
Send Report
Go to the Sporcle.com Mobile Site →
Comments